000 002480000a22000970004500
100 1 _aMalunga, Chiku
245 1 0 _aEl modelo de la colmena para formación de equipos
300 _aNúm 43 (2000), Páginas 10-11
773 0 _tPaso a paso
942 _cANA
999 _c52531
_d52531